000 00896nam a2200229 a 4500
008 081209s1998 ||||||||||||||||| || u
020 _a0821341677
050 _aIBRD(08)
100 _aPatronos, Harry Anthony
245 1 4 _aThe Role of the private sector in education in Vietnam: evidence from the Vietnam living standards survey
260 _aWashington, D.C.:
_bWorld Bank
_c1998
300 _ax, 30p.: ill.
350 _a0.00
490 _aLSMS Living Standards Measurement Study Working paper
650 _aEDUCATION--VIETNAM--FINANCE
650 _aPRIVATE SCHOOLS--VETNAM
650 0 _aEDUCATIONAL TESTS AND MEASUREMENTS
650 _aEDUCATION SURVEYS--VIETNAM
700 _aGlewwe, Paul
710 _aWorld Bank
995 _D0.00
_FCBU-MAIN LIBRARY (Kitwe)
_H1
_I0.00
_M1
_UAVAILABLE
_WDec 9, 2008
_ZInternational Publications
999 _c56712
_d56712